Ghost town /
"Deep in the heart of Texas, Morganville is a small college town full of laid-back students and eccentric townies. Not to mention the sort of creatures you wouldn't want to run into after dark. Despite their obvious differences, the human and vampire residents of Morganville have learned t...
| Main Author: | |
|---|---|
| Format: | Book |
| Language: | English |
| Published: |
New York :
New American Library,
[2011]
|
| Series: | Caine, Rachel. Morganville vampires ;
bk. 9. |
| Subjects: | |
| Online Access: | Contributor biographical information Publisher description |
MARC
| Tag | First Indicator | Second Indicator | Subfields |
|---|---|---|---|
| LEADER | 00000cam a2200000 i 4500 | ||
| 001 | in00004587828 | ||
| 008 | 110331t20112010nyu 000 f eng d | ||
| 005 | 20220801164153.3 | ||
| 010 | |a 2010026742 | ||
| 035 | |a (OCoLC)ocn710060599 | ||
| 040 | |a JBL |b eng |e rda |c JBL |d OCLCA |d OCLCQ |d DUNPL |d IHI |d OCLCO |d OCLCQ |d AZZPT |d TXKDM |d OCLCF |d OCLCO |d OCLCQ |d OCLCO |d OCL |d OCLCO |d FSIMP |d P@N |d CHILD |d LKC |d OCLCA |d LD4 |d OCLCO |d OCL |d T7A |d BGU |d OCLCO |d TXA | ||
| 019 | |a 778611682 | ||
| 020 | |a 9780451232915 |q (pbk.) | ||
| 020 | |a 0451232917 |q (pbk.) | ||
| 020 | |a 9780329906610 |q (FollettBound) | ||
| 020 | |a 0329906615 |q (FollettBound) | ||
| 020 | |a 9780451231611 : HRD | ||
| 020 | |a 0451231619 : HRD | ||
| 035 | |a (OCoLC)710060599 |z (OCoLC)778611682 | ||
| 043 | |a n-us-tx | ||
| 050 | 4 | |a PS3603.O557 |b G467 2011 | |
| 082 | 0 | 4 | |a [Fic] |2 22 |
| 100 | 1 | |a Caine, Rachel, |e author. | |
| 245 | 1 | 0 | |a Ghost town / |c Rachel Caine. |
| 264 | 1 | |a New York : |b New American Library, |c [2011] | |
| 264 | 4 | |c ©2010 | |
| 300 | |a 353 pages ; |c 21 cm. | ||
| 336 | |a text |b txt |2 rdacontent | ||
| 337 | |a unmediated |b n |2 rdamedia | ||
| 338 | |a volume |b nc |2 rdacarrier | ||
| 490 | 1 | |a Morganville vampires ; |v [bk. 9] | |
| 500 | |a Includes an excerpt from: Bite Club (pages [341]-353). | ||
| 500 | |a First published by New American Library in 2010. | ||
| 500 | |a The Cushing Library Science Fiction copy is donated by Sarah Simpson-Weiss, in memory of Rachel. | ||
| 500 | |a The Cushing Library Science Fiction copy is signed by the author. | ||
| 520 | |a "Deep in the heart of Texas, Morganville is a small college town full of laid-back students and eccentric townies. Not to mention the sort of creatures you wouldn't want to run into after dark. Despite their obvious differences, the human and vampire residents of Morganville have learned to coexist, but that doesn't stop genius student Claire Danvers from keeping up her guard. While developing a new system to maintain the town's defenses, Claire discovers a way to use the vampire's powers to help keep outsiders from spreading news of Morganville's "unique" situation once they've crossed the city limits. But the new system has an unexpected and possibly deadly consequence: People inside the town start forgetting who and what they are--even the vampires. And when Claire's boyfriend, Shane, and her best friend, Eve, start treating her like a perfect stranger, Claire realizes she has to figure out a way to pull the plug on her experiment--before she forgets how to save herself...and Morganville."--Back cover. | ||
| 526 | 0 | |a Accelerated Reader |b Grades 9-12 |c 4.7 |d 14 |x SD |z Quiz 141854 |z English fiction. | |
| 650 | 0 | |a Vampires |v Juvenile fiction. | |
| 650 | 0 | |a Memory |v Juvenile fiction. | |
| 600 | 1 | 0 | |a Danvers, Claire |c (Fictitious character) |v Juvenile fiction. |
| 650 | 0 | |a Teenage girls |v Juvenile fiction. | |
| 650 | 0 | |a University towns |v Juvenile fiction. | |
| 650 | 0 | |a College students |v Juvenile fiction. | |
| 651 | 0 | |a Texas |v Juvenile fiction. | |
| 650 | 0 | |a Paranormal fiction. | |
| 650 | 1 | |a Supernatural |v Fiction. | |
| 650 | 1 | |a Vampires |v Fiction. | |
| 650 | 1 | |a Memory |v Fiction. | |
| 650 | 1 | |a Colleges and universities |v Fiction. | |
| 651 | 1 | |a Texas |v Fiction. | |
| 650 | 6 | |a Adolescentes |v Romans, nouvelles, etc. pour la jeunesse. | |
| 650 | 6 | |a Vampires |v Romans, nouvelles, etc. pour la jeunesse. | |
| 651 | 6 | |a Texas |v Romans, nouvelles, etc. pour la jeunesse. | |
| 650 | 7 | |a Memory. |2 fast |0 (OCoLC)fst01015913 | |
| 650 | 7 | |a Teenage girls. |2 fast |0 (OCoLC)fst01145412 | |
| 650 | 7 | |a Vampires. |2 fast |0 (OCoLC)fst01163968 | |
| 651 | 7 | |a Texas. |2 fast |0 (OCoLC)fst01210336 | |
| 650 | 7 | |a Supernatural |v Fiction. |2 sears | |
| 650 | 7 | |a Vampires |v Fiction. |2 sears | |
| 650 | 7 | |a Memory |v Fiction. |2 sears | |
| 650 | 7 | |a Colleges and universities |v Fiction. |2 sears | |
| 651 | 7 | |a Texas |v Fiction. |2 sears | |
| 655 | 0 | |a College stories. | |
| 655 | 4 | |a Series. | |
| 655 | 7 | |a Campus fiction. |2 fast |0 (OCoLC)fst01982500 | |
| 655 | 7 | |a College stories. |2 fast |0 (OCoLC)fst01726563 | |
| 655 | 7 | |a Fiction. |2 fast |0 (OCoLC)fst01423787 | |
| 655 | 7 | |a Juvenile works. |2 fast |0 (OCoLC)fst01411637 | |
| 655 | 7 | |a Paranormal fiction. |2 fast |0 (OCoLC)fst01921727 | |
| 655 | 7 | |a Occult fiction. |2 gsafd | |
| 655 | 7 | |a Fantasy fiction. |2 lcgft | |
| 655 | 7 | |a Paranormal fiction. |2 lcgft | |
| 800 | 1 | |a Caine, Rachel. |t Morganville vampires ; |v bk. 9. | |
| 856 | 4 | 2 | |3 Contributor biographical information |u http://catdir.loc.gov/catdir/enhancements/fy1102/2010026742-b.html |t 0 |
| 856 | 4 | 2 | |3 Publisher description |u http://catdir.loc.gov/catdir/enhancements/fy1102/2010026742-d.html |t 0 |
| 938 | |a Children's Plus, Inc. |b CHIL |n 1649462 | ||
| 029 | 1 | |a NZ1 |b 13829664 | |
| 994 | |a Z0 |b TXA | ||
| 948 | |h HELD BY TXA - 111 OTHER HOLDINGS | ||
| 999 | f | f | |s 2ab5a86b-0bb1-458e-b04e-ac2da9278ccd |i f2babf80-527b-4239-b5fc-c1629afc69be |t 0 |
| 952 | f | f | |p noncirc |a Texas A&M University |b College Station |c Cushing Memorial Library & Archives |d Cushing: Science Fiction (Does not check out) |t 0 |e PS3603.O557 G46 2011 |h Library of Congress classification |i unmediated -- volume |
| 998 | f | f | |a PS3603.O557 G46 2011 |t 0 |l Cushing: Science Fiction (Does not check out) |